Premio de Poesía Pedro Mir / (Registro nro. 13564)

Detalles MARC
000 -LEADER
fixed length control field 01224nam a2200337 a 4500
001 - CONTROL NUMBER
control field
003 - CONTROL NUMBER IDENTIFIER
control field
005 - DATE AND TIME OF LATEST TRANSACTION
control field 20220621114208.0
008 - FIXED-LENGTH DATA ELEMENTS--GENERAL INFORMATION
fixed length control field 140324s2010 dr r 000 j spa d
020 ## - INTERNATIONAL STANDARD BOOK NUMBER
International Standard Book Number 9789945412475
040 ## - CATALOGING SOURCE
Original cataloging agency BPMSU
Language of cataloging spa
Transcribing agency BPMSU
082 ## - DEWEY DECIMAL CLASSIFICATION NUMBER
Classification number RD861.08
Edition number 22
Item number P925p, 2009
111 2# - MAIN ENTRY--MEETING NAME
Meeting name or jurisdiction name as entry element Premios Funglode Poesía
Date of meeting (2010 :
Location of meeting Santo Domingo)
245 10 - TITLE STATEMENT
Title Premio de Poesía Pedro Mir /
Statement of responsibility, etc. Adrían Javier Angulo
246 13 - VARYING FORM OF TITLE
Title proper/short title Lo terrible adentro
260 ## - PUBLICATION, DISTRIBUTION, ETC. (IMPRINT)
Place of publication, distribution, etc. Santo Domingo :
Name of publisher, distributor, etc. FUNGLODE,
Date of publication, distribution, etc. 2010
300 ## - PHYSICAL DESCRIPTION
Extent 87 p. ;
Dimensions 26 cm.
490 0# - SERIES STATEMENT
Series statement Premios Funglode/GFDD 2010
500 ## - GENERAL NOTE
General note Incluye datos biográficos del autor
505 0# - FORMATTED CONTENTS NOTE
Formatted contents note Premio único : Adrían Javier
Statement of responsibility
586 ## - AWARDS NOTE
Awards note Premios FUNGLODE /GFDD 2010
590 ## - LOCAL NOTE (RLIN)
Local note Inventariado, 2021/VM
650 #4 - SUBJECT ADDED ENTRY--TOPICAL TERM
Topical term or geographic name as entry element Poesía dominicana
650 #4 - SUBJECT ADDED ENTRY--TOPICAL TERM
Topical term or geographic name as entry element Literatura dominicana.
650 #4 - SUBJECT ADDED ENTRY--TOPICAL TERM
Topical term or geographic name as entry element Premios literarios
650 #4 - SUBJECT ADDED ENTRY--TOPICAL TERM
Topical term or geographic name as entry element Certámenes literarios
700 12 - ADDED ENTRY--PERSONAL NAME
Personal name Javier, Adrían
710 2# - ADDED ENTRY--CORPORATE NAME
Corporate name or jurisdiction name as entry element Fundación Global Democracía y Desarrollo (República Dominicana)
910 ## - USER-OPTION DATA (OCLC)
User-option data VMateo
942 ## - ADDED ENTRY ELEMENTS (KOHA)
Source of classification or shelving scheme Dewey Decimal Classification
Koha item type Libros
Existencias
Withdrawn status Lost status Source of classification or shelving scheme Damaged status Not for loan Collection code Home library Current library Date acquired Full call number Barcode Date last seen Copy number Price effective from Koha item type
    Dewey Decimal Classification     Colección Dominicana Biblioteca Pública Metropolitana Salomé Ureña Biblioteca Pública Metropolitana Salomé Ureña 06/08/2021 BPMSU DC RD861.08 P925p 2009 BPMSU21060029 06/08/2021 06/08/2021 Libros